000 00601nam a2200193 i 4500
001 182358
003 ES-MaACL
005 20230906221605.0
008 130806s1973 sp |||| | spa d
020 _a84-400-6335-0
080 _a347.25(=924:64)(091)
100 1 _aRuiz de Cuevas, Teodoro.
_9153175
245 1 0 _aJurisprudencia rabínica en Marruecos
_b: (la "Hazzaká") /
_cTeodoro Ruiz de Cuevas.
250 _a2ª ed.
260 _aMadrid :
_bImnasa,
_c1973.
300 _a44 p. ;
_c22 cm.
650 4 _aPosesión (Derecho)-
_zMarruecos-
_vHistoria.
_9153176
852 _aES-MaACL
_j2319-F-18
999 _c182358
_d182358